1405 1006 1057 1365 1946 1623 1584 1288 1296 1599 1726 1786 1280 1349 1689 1436 1288 1997 1905 1044 1867 1328 1139 1280 1101 1347 1322 1355 1788 1915 1201 1571 1792 1836 1930 1546 1547 1247 1490 1122 1407 1418 1603 1331 1477 1868 1596 1168 1006 1083 1884 1734 1504 1117 1508 1585 1709 1644 1777 1703 1221 1934 1009 1204 1105 1954 1917 1421 1667 1414 1778 1089 1003 1799 1709 1034 1073 1747 1069 1099 1238 1164 1740 1575 1124 1581 1990 1389 1405 1773 1691 1044 1775 1848 1742 1020 1000 1135 1771 BCNSPRNW ULIB Ver.6.0+V

เปลี่ยนเป็นภาษาไทย

Change to English
 แสดงรายละเอียดบรรณานุกรม
  กลับหน้าหลัก

Brief Record : Get Marc (ISO 2709) : E-mail record : QR code < ปิดหน้าต่าง
LEADER : 00000nam 2200000uu 4500
001    13399120057
003     ULIB
008    110211s2552||||th 000 0 tha d
020    9744655593
020    9789744655592
041 0  tha
060 04 WY157.3^bด153ก
100 0  ดวงกมล ปิ่นเฉลียว
245 10 การพยาบาลมารดาที่ได้รับการผ่าตัดคลอดทางหน้าท้องการคลอดโดยใช้คีมและเครื่องดูดสูญญากาศ /^cดวงกมล ปิ่นเฉลี่ยว
250    พิมพ์ครั้งที่ 3
260    นนทบุรี :^bโครงการสวัสดิการวิชาการ สถาบันพระบรมราชชนก,^c2552
300    164 หน้า :^bภาพประกอบ ;^c27 ซม.
650  7 การคลอด
650  7 การผ่าท้องคลอด
650  7 การพยาบาลสูติศาสตร์
710 2  โครงการสวัสดิ์การวิชาการ สบช.
945    ^p150^l0^i028696
945    ^p150^l0^i028693
945    ^p150^l0^i028697
945    ^p150^l0^i032553
945    ^p150^l0^i032554
945    ^p150^l0^i032555
945    ^p150^l0^i032556
945    ^p150^l0^i032557
945    ^p150^l0^i028695
945    ^p150^l0^i020132
945    ^p150^l0^i018694
995    ทศพร
999 ^a ใช้งานได้ทุกระบบ
รายการนี้ยังไม่มีแท็ก
คุณยังไม่ได้ล็อกอิน คุณสามารถมีกิจกรรมร่วมกับเว็บไซต์ได้ แต่ต้องล็อกอินก่อน ::
  ล็อกอิน

รายการสื่อสารสนเทศ

ลำดับที่ ประเภท เลขเรียก/บาร์โค้ด สถานที่ สถานะ
1. Book การพยาบาล
Book การพยาบาล
WY157.3 ด153ก ฉ.10 
  Barcode: 028696
ห้องสมุดวิทยาเขตสวรรค์ประชารักษ์
►หนังสือทั่วไป
บนชั้น
2. Book การพยาบาล
Book การพยาบาล
WY157.3 ด153ก ฉ.10 
  Barcode: 020132
ห้องสมุดวิทยาเขตสวรรค์ประชารักษ์
►ส่วนจัดเก็บหนังสือเก่า สปร
บนชั้น
  ขอยืม
3. วิทยาศาสตร์การแพทย์ และสุขภาพ
วิทยาศาสตร์การแพทย์ และสุขภาพ
WY157.3 ด153ก ฉ.11 
  Barcode: 028697
ห้องสมุดวิทยาเขตสวรรค์ประชารักษ์
►หนังสือทั่วไป
บนชั้น
4. Book การพยาบาล
Book การพยาบาล
WY157.3 ด153ก ฉ.11 
  Barcode: 018694
ห้องสมุดวิทยาเขตสวรรค์ประชารักษ์
►ส่วนจัดเก็บหนังสือเก่า สปร
บนชั้น
  ขอยืม
5. วิทยาศาสตร์การแพทย์ และสุขภาพ
วิทยาศาสตร์การแพทย์ และสุขภาพ
WY157.3 ด153ก ฉ.4 
  Barcode: 032556
ห้องสมุดวิทยาเขตสวรรค์ประชารักษ์
►ส่วนจัดเก็บหนังสือเก่า สปร
บนชั้น
  ขอยืม
6. วิทยาศาสตร์การแพทย์ และสุขภาพ
วิทยาศาสตร์การแพทย์ และสุขภาพ
WY157.3 ด153ก ฉ.5 
  Barcode: 032557
ห้องสมุดวิทยาเขตสวรรค์ประชารักษ์
►ส่วนจัดเก็บหนังสือเก่า สปร
บนชั้น
  ขอยืม
7. วิทยาศาสตร์การแพทย์ และสุขภาพ
วิทยาศาสตร์การแพทย์ และสุขภาพ
WY157.3 ด153ก ฉ.7 
  Barcode: 028693
ห้องสมุดวิทยาเขตสวรรค์ประชารักษ์
►หนังสือทั่วไป
บนชั้น
8. วิทยาศาสตร์การแพทย์ และสุขภาพ
วิทยาศาสตร์การแพทย์ และสุขภาพ
WY157.3 ด153ก ฉ.9 
  Barcode: 028695
ห้องสมุดวิทยาเขตสวรรค์ประชารักษ์
►หนังสือทั่วไป
บนชั้น

รายการใกล้เคียง
    ผู้แต่ง [ดวงกมล ปิ่นเฉลียว]

    หัวเรื่อง [การคลอด]
    หัวเรื่อง [การผ่าท้องคลอด]
    หัวเรื่อง [การพยาบาลสูติศาสตร์]

BibComment


ยังไม่เคยถูกคอมเมนท์

คอมเมนท์ทรัพยากรรายการนี้
  คอมเมนท์: การพยาบาลมารดาที่..


 Copyright 2026. Bcnsprnw @Library